000 00302nam a22001337a 4500
008 230629b xxu||||| |||| 00| 0 eng d
020 _a0712112596
082 _a346.04
_bCUR
100 _cL.B Curzon
245 _aLand Law
260 _bMAcdonald & Evans ltd
_c1982
300 _a292p
942 _2ddc
_cBK
999 _c3107
_d3107